The human journey : (Record no. 1991)
[ view plain ]
| 000 -LEADER | |
|---|---|
| fixed length control field | 00844nam a2200265 a 4500 |
| 001 - CONTROL NUMBER | |
| control field | 1382024 |
| 003 - CONTROL NUMBER IDENTIFIER | |
| control field | GBCCL |
| 005 - DATE AND TIME OF LATEST TRANSACTION | |
| control field | 20241126110414.0 |
| 008 - FIXED-LENGTH DATA ELEMENTS--GENERAL INFORMATION | |
| fixed length control field | 811215s1980 at a 000 0 eng |
| 010 ## - | |
| -- | 81213134 |
| 020 ## - INTERNATIONAL STANDARD BOOK NUMBER | |
| International Standard Book Number | 0867600039 (pbk.) : |
| Terms of availability | $5.95 |
| 040 ## - CATALOGING SOURCE | |
| Original cataloging agency | DLC |
| Transcribing agency | DLC |
| Modifying agency | DLC |
| 050 00 - | |
| -- | BT75.2 |
| -- | .W55 1980 |
| 082 00 - DEWEY DECIMAL CLASSIFICATION NUMBER | |
| Classification number | 230.3 |
| Edition information | 19 |
| Item number | WIL |
| 100 1# - MAIN ENTRY--PERSONAL NAME | |
| Personal name | Wilson, Bruce, |
| Dates associated with a name | 1942- |
| 9 (RLIN) | 4093 |
| 245 14 - TITLE STATEMENT | |
| Title | The human journey : |
| Remainder of title | Christianity and modern consciousness / |
| Statement of responsibility, etc. | Bruce Wilson. |
| 260 ## - PUBLICATION, DISTRIBUTION, ETC. | |
| Place of publication, distribution, etc. | Sutherland, N.S.W., Australia : |
| Name of publisher, distributor, etc. | Albatross Books, |
| Date of publication, distribution, etc. | c1980. |
| 300 ## - PHYSICAL DESCRIPTION | |
| Extent | 318 p. : |
| Other physical details | ill. ; |
| Dimensions | 18 cm. |
| 650 #0 - SUBJECT ADDED ENTRY--TOPICAL TERM | |
| Topical term or geographic name entry element | Theology. |
| 9 (RLIN) | 631 |
| 650 #0 - SUBJECT ADDED ENTRY--TOPICAL TERM | |
| Topical term or geographic name entry element | Identification (Psychology) |
| 9 (RLIN) | 4094 |
| 650 #0 - SUBJECT ADDED ENTRY--TOPICAL TERM | |
| Topical term or geographic name entry element | Christian ethics |
| General subdivision | Anglican authors. |
| 9 (RLIN) | 1387 |
| 650 #0 - SUBJECT ADDED ENTRY--TOPICAL TERM | |
| Topical term or geographic name entry element | Religion. |
| 9 (RLIN) | 1728 |
| 906 ## - LOCAL DATA ELEMENT F, LDF (RLIN) | |
| a | 7 |
| b | cbc |
| c | orignew |
| d | 3 |
| e | ncip |
| f | 19 |
| g | y-gencatlg |
| 942 ## - ADDED ENTRY ELEMENTS (KOHA) | |
| Source of classification or shelving scheme | Dewey Decimal Classification |
| Koha item type | Books |
| Withdrawn status | Lost status | Source of classification or shelving scheme | Damaged status | Not for loan | Home library | Current Library | Shelving location | Date acquired | Total checkouts | Full call number | Barcode | Date last seen | Copy number | Price effective from | Koha item type |
|---|---|---|---|---|---|---|---|---|---|---|---|---|---|---|---|
| Dewey Decimal Classification | GRACE BIBLE COLLEGE | GRACE BIBLE COLLEGE | Theology | 2017-06-05 | 230.3 WIL | 003898 | 2025-05-01 | c.1 | 2017-06-05 | Books |